Biến đổi cấu trúc bề mặt silica với adenine bằng phương pháp sử dụng cầu nối 3-glycidoxypropyltrimethoxysilane (luận văn thạc sĩ. Chuyên ngành: Hóa hữu cơ)

Sparad:
Bibliografiska uppgifter
Huvudupphovsman: Nguyễn, Văn Định
Materialtyp: Bok
Språk:Undetermined
Publicerad: Cần Thơ Đại học Cần Thơ 2014
Ämnen:
Taggar: Lägg till en tagg
Inga taggar, Lägg till första taggen!
Thư viện lưu trữ: Trung tâm Học liệu Trường Đại học Cần Thơ
LEADER 00827nam a2200205Ia 4500
001 CTU_198005
008 210402s9999 xx 000 0 und d
082 |a 677.028 
082 |b Đ312 
088 |a 60440114 
100 |a Nguyễn, Văn Định 
245 0 |a Biến đổi cấu trúc bề mặt silica với adenine bằng phương pháp sử dụng cầu nối 3-glycidoxypropyltrimethoxysilane 
245 0 |b (luận văn thạc sĩ. Chuyên ngành: Hóa hữu cơ) 
245 0 |c Nguyễn Văn Định; Nguyễn Công Hào (Cán bộ hướng dẫn) 
260 |a Cần Thơ 
260 |b Đại học Cần Thơ 
260 |c 2014 
650 |a Silica,Silica 
910 |a Nguyễn Thị Mỹ Linh 
980 |a Trung tâm Học liệu Trường Đại học Cần Thơ